Music Quiz

Random Music or Letter Quiz

8-Letter Missing Words in Songs Quiz Stats

 Plays Quiz Updated Oct 19, 2016

Challenge
Share
Tweet
Embed
Score 0/40 Timer 08:00
5 Plays Today
Song Title Answer % Correct
I'd Do ______ for Love (But I Won't Do That)Anything
95.2%
______ to Heaven Stairway
92%
Walk Like an ______ Egyptian
90.7%
Another Day in ______ Paradise
88.3%
Sweet ______ Caroline
86.3%
99 Red ______ Balloons
85.9%
Walking on ______ Sunshine
85.7%
Fat ______ GirlsBottomed
84%
______ Love of AllGreatest
82.1%
King of Wishful ______ Thinking
81.6%
Nothing ______ 2 UCompares
80.5%
______ , WhereverWhenever
79.8%
What's New ______ Pussycat
79.1%
______ That I Used to KnowSomebody
78.9%
Smooth ______ Criminal
78.7%
______ BallWrecking
77.5%
______ Up Is Hard to DoBreaking
77.4%
Will You Love Me ______ Tomorrow
74.3%
In the ______ HourMidnight
73.9%
Are You ______ Tonight?Lonesome
73.1%
Song Title Answer % Correct
______ BelieverDaydream
72.1%
______ for the DevilSympathy
70.9%
______ ParadiseGangsta's
67.7%
Teach Your ______ Children
67.7%
Bitter Sweet ______ Symphony
67.3%
______ AvenueElectric
66.4%
Love in an ______ Elevator
65.2%
______ RainNovember
62.7%
______ to LoveAddicted
62.2%
Express ______ Yourself
61.9%
Across the ______ Universe
60.5%
Good ______ (Time of Your Life)Riddance
60.2%
______ WomanAmerican
60.1%
______ JesusPersonal
48.7%
Turning ______ Japanese
48.6%
Nights on ______ Broadway
44.6%
Subterranean ______ BluesHomesick
39.1%
The ______ Thing (I've Ever Known)Sweetest
36.9%
The ______ Girl in the Whole U.S.A.Happiest
36.1%
No ______ LoveOrdinary
27.6%

You're not logged in!

Compare scores with friends on all Sporcle quizzes.
OR
Log In

You Might Also Like...

Show Comments

Extras

Top Quizzes Today


Score Distribution

Your Account Isn't Verified!

In order to create a playlist on Sporcle, you need to verify the email address you used during registration. Go to your Sporcle Settings to finish the process.

Report this User

Report this user for behavior that violates our Community Guidelines.

Details: